[Event "Warsaw YMCA Autumn-B 249th"]
[Site "Warsaw"]
[Date "2021.11.18"]
[Round "9"]
[White "Jaroszuk, Marcin"]
[Black "Wiktorowski, Janusz"]
[Result "1-0"]
[WhiteElo "1572"]
[BlackElo "1449"]
[PlyCount "123"]
[EventDate "2021.09.23"]
[EventType "tourn"]
[EventRounds "13"]
[EventCountry "POL"]
[SourceTitle "EXT 2023"]
[Source "ChessBase"]
[SourceDate "2022.10.05"]
[SourceVersion "1"]
[SourceVersionDate "2022.10.05"]
[SourceQuality "1"]

1. f4 d5 2. Nf3 Nf6 3. e3 Bf5 4. Be2 Nc6 5. 0-0 d4 6. Ne5 Qd6 7. Bb5 a6 8. Bxc6+ bxc6 9. b3 dxe3 10. Nc4 Qd4 11. Bb2 e2+ 12. Bxd4 exd1Q 13. Rxd1 Bxc2 14. Re1 Nd5 15. Ne5 Nxf4 16. Nxc6 f6 17. Nc3 e5 18. g3 Nh3+ 19. Kg2 Ng5 20. Nxe5 0-0-0 21. Be3 Ne4 22. Nf7 Bb4 23. Nxe4 Bxe4+ 24. Kg1 Rhf8 25. Nxd8 Rxd8 26. Re2 f5 27. Rc1 Rd3 28. Rc4 a5 29. Rd4 Bc5 30. Rxd3 Bxd3 31. Re1 Bb4 32. Bd4 Kb7 33. Bc3 Bc5+ 34. Kg2 Be4+ 35. Rxe4 fxe4 36. Bxg7 Kc6 37. Kf1 Kb5 38. Ke2 Kc6 39. Bc3 Kb5 40. Kf1 a4 41. g4 axb3 42. axb3 Bb4 43. h4 Be7 44. g5 Kc6 45. Kf2 Kd5 46. Kg3 Bd6+ 47. Kg4 Ke6 48. Ba5 c6 49. Kh5 Kf7 50. Kh6 Kg8 51. g6 Bf4+ 52. Kh5 e3 53. dxe3 Bxe3 54. Bc7 Bd4 55. Bf4 hxg6+ 56. Kxg6 Bg7 57. Bg5 Be5 58. h5 Bd4 59. h6 c5 60. h7+ Kh8 61. Bf6+ Bxf6 62. Kxf6 1-0

[Event "Warsaw Najdorf Memorial op-B"]
[Site "Warsaw"]
[Date "2021.07.13"]
[Round "4"]
[White "Wiktorowski, Janusz"]
[Black "Janik, Marcin1111"]
[Result "0-1"]
[WhiteElo "1440"]
[BlackElo "1705"]
[PlyCount "68"]
[EventDate "2021.07.10"]
[EventType "swiss"]
[EventRounds "9"]
[EventCountry "POL"]
[SourceTitle "EXT 2022"]
[Source "ChessBase"]
[SourceDate "2021.10.06"]
[SourceVersion "1"]
[SourceVersionDate "2021.10.06"]
[SourceQuality "1"]

1. e4 c5 2. Nf3 g6 3. d4 cxd4 4. Nxd4 Bg7 5. Nc3 Nc6 6. Be3 Nf6 7. f3 0-0 8. Qd2 d5 9. 0-0-0 dxe4 10. fxe4 Ng4 11. Nxc6 Qxd2+ 12. Bxd2 bxc6 13. Be1 Ne3 14. Rd3 Nxf1 15. Rxf1 Ba6 16. Rff3 Bxd3 17. cxd3 f5 18. Bf2 Bxc3 19. bxc3 fxe4 20. dxe4 Rxf3 21. gxf3 Kf7 22. f4 Rd8 23. a3 Rd3 24. Kc2 Rf3 25. Bxa7 Rxf4 26. e5 Ke6 27. Kb3 Kd7 28. a4 e6 29. a5 Kc7 30. a6 Rh4 31. Bg1 Rh5 32. Bd4 Rxh2 33. Bc5 h5 34. Bd6+ Kb6 0-1

[Event "Warsaw YMCA Autumn-C 222nd"]
[Site "Warsaw"]
[Date "2019.10.02"]
[Round "3"]
[White "Wiktorowski, Janusz"]
[Black "Borowski, Marek"]
[Result "1-0"]
[WhiteElo "1426"]
[BlackElo "1509"]
[PlyCount "97"]
[EventDate "2019.09.19"]
[EventType "tourn"]
[EventRounds "13"]
[EventCountry "POL"]
[SourceTitle "CBM 195 Extra"]
[Source "ChessBase"]
[SourceDate "2020.05.31"]
[SourceVersion "1"]
[SourceVersionDate "2020.05.31"]
[SourceQuality "1"]

1. e4 e6 2. d4 d5 3. e5 c5 4. Nf3 Nc6 5. Bg5 Qb6 6. b3 cxd4 7. Bd3 Bb4+ 8. Bd2 Bd7 9. 0-0 Nge7 10. a3 Bxd2 11. Nbxd2 Ng6 12. Bxg6 hxg6 13. b4 a5 14. bxa5 Nxa5 15. Ng5 Qd8 16. Qg4 Nc6 17. f4 Ne7 18. Rfb1 Qc7 19. Qd1 Nf5 20. Ndf3 Qc5 21. Qd3 b5 22. Rb4 Qxb4 23. axb4 Rxa1+ 24. Kf2 Ke7 25. Nxd4 Nxd4 26. Qxd4 Rha8 27. Qc5+ Ke8 28. Qd6 R1a6 29. Qc7 Rc8 30. Qb7 Rxc2+ 31. Kg3 Ra3+ 32. Kh4 Rac3 33. Nxf7 Kxf7 34. Qxd7+ Kg8 35. Qxe6+ Kh7 36. Qxd5 Rc4 37. Kg5 Rxb4 38. Qf3 Rbb2 39. Qh3+ Kg8 40. Qe6+ Kf8 41. g4 Rxh2 42. Qxg6 Rh6 43. Qf5+ Ke7 44. Qc8 b4 45. f5 Rh3 46. Qc7+ Kf8 47. e6 Kg8 48. Qf7+ Kh7 49. f6 1-0

[Event "Warsaw YMCA Autumn-C 207th"]
[Site "Warsaw"]
[Date "2018.12.11"]
[Round "13"]
[White "Wiktorowski, Janusz"]
[Black "Bartczak, Hanna"]
[Result "1-0"]
[WhiteElo "1447"]
[BlackElo "1453"]
[PlyCount "29"]
[EventDate "2018.09.18"]
[EventType "tourn"]
[EventRounds "13"]
[EventCountry "POL"]
[SourceTitle "EXT 2021"]
[Source "ChessBase"]
[SourceDate "2020.10.23"]
[SourceVersion "1"]
[SourceVersionDate "2020.10.23"]
[SourceQuality "1"]

1. e4 c5 2. Nf3 Nc6 3. d4 cxd4 4. Nxd4 d6 5. Nc3 Nf6 6. Be2 g6 7. Be3 Bg7 8. Qd2 0-0 9. 0-0-0 Ng4 10. Bxg4 Bxg4 11. f3 Be6 12. a3 Qd7 13. g4 Ne5 14. Nxe6 Nxf3 15. Nxf8 1-0

[Event "Warsaw-chB 67th"]
[Site "Warsaw"]
[Date "2018.11.14"]
[Round "3"]
[White "Wiktorowski, Janusz"]
[Black "Kwiek, Janusz"]
[Result "0-1"]
[WhiteElo "1447"]
[BlackElo "1580"]
[PlyCount "106"]
[EventDate "2018.11.12"]
[EventType "swiss"]
[EventRounds "9"]
[EventCountry "POL"]
[SourceTitle "EXT 2020"]
[Source "ChessBase"]
[SourceDate "2019.10.17"]
[SourceVersion "1"]
[SourceVersionDate "2019.10.17"]
[SourceQuality "1"]

1. d4 Nf6 2. c4 e6 3. Nf3 b6 4. Bg5 Be7 5. Nc3 Bb7 6. e3 Ne4 7. Bxe7 Qxe7 8. Bd3 Nxc3 9. bxc3 0-0 10. 0-0 d6 11. Qc2 g6 12. Be4 c6 13. Qe2 Nd7 14. h3 f5 15. Bc2 Nf6 16. e4 fxe4 17. Bxe4 Nxe4 18. Qxe4 Qf6 19. Rfe1 Rae8 20. Qc2 c5 21. d5 exd5 22. Rxe8 Rxe8 23. Qa4 Re7 24. Qxa7 dxc4 25. Qxb6 Kg7 26. Rd1 Bxf3 27. gxf3 Re6 28. Qc7+ Kh6 29. Qc6 Qxc3 30. Qd5 Re1+ 31. Kg2 Rxd1 32. Qxd1 Qe5 33. a4 c3 34. a5 Qd4 35. Qc2 Qd2 36. Qe4 Qg5+ 37. Kf1 Qc1+ 38. Kg2 Qg5+ 39. Kf1 d5 40. Qc2 d4 41. a6 Qe7 42. Qd3 Qa7 43. Kg2 c2 44. Qxc2 Qxa6 45. Qxc5 Qf6 46. Qc2 Qf5 47. Qe4 d3 48. Qh4+ Qh5 49. Qxh5+ Kxh5 50. Kf1 Kh4 51. Ke1 Kxh3 52. Kd2 Kg2 53. Kxd3 Kxf3 0-1

[Event "Warsaw YMCA Spring-C 200th"]
[Site "Warsaw"]
[Date "2018.05.30"]
[Round "9"]
[White "Wiktorowski, Janusz"]
[Black "Kwiecinski, Rafal"]
[Result "1-0"]
[WhiteElo "1430"]
[BlackElo "1476"]
[PlyCount "159"]
[EventDate "2018.04.05"]
[EventType "tourn"]
[EventRounds "13"]
[EventCountry "POL"]
[SourceTitle "EXT 2021"]
[Source "ChessBase"]
[SourceDate "2020.10.23"]
[SourceVersion "1"]
[SourceVersionDate "2020.10.23"]
[SourceQuality "1"]

1. e4 c5 2. Nf3 Nc6 3. Nc3 e5 4. Bc4 h6 5. d3 Nf6 6. h3 a6 7. Nd5 d6 8. c3 b5 9. Nxf6+ Qxf6 10. Bd5 Bb7 11. 0-0 Nd8 12. Bxb7 Nxb7 13. a4 Qd8 14. Be3 Be7 15. axb5 axb5 16. Qb3 Ra5 17. Rxa5 Qxa5 18. Qd5 Qa6 19. b4 cxb4 20. cxb4 0-0 21. Rc1 Nd8 22. Rc7 Re8 23. Kh2 Bf6 24. Rd7 Re6 25. Ra7 Qc6 26. Ra8 Qd7 27. Rb8 Kh7 28. Rxb5 g5 29. d4 Nc6 30. dxe5 Nxe5 31. Rb7 Nxf3+ 32. gxf3 Qe8 33. b5 Be5+ 34. Kg2 Kg6 35. b6 f5 36. exf5+ Kxf5 37. Qe4+ Kf6 38. Rh7 Qg6 39. b7 d5 40. Qxg6+ Kxg6 41. Rh8 Bxh8 42. b8Q Bg7 43. Qg8 Rf6 44. Bd4 Rf7 45. Bxg7 Rxg7 46. Qxd5 Kh5 47. Kg3 Kg6 48. Qe6+ Kh7 49. Kg4 Rg6 50. Qf5 Kg7 51. Kh5 Rf6 52. Qd7+ Rf7 53. Qd4+ Rf6 54. Qd7+ Rf7 55. Qe8 Rf6 56. Qe7+ Rf7 57. Qe5+ Rf6 58. h4 gxh4 59. Kxh4 Kg6 60. f4 Kf7 61. Kh5 Kg7 62. f5 Kf7 63. Qc7+ Kf8 64. Qh7 Ke8 65. Qg6+ Ke7 66. Kxh6 Rf7 67. Qe6+ Kf8 68. f6 Rh7+ 69. Kg5 Rh5+ 70. Kf4 Rh4+ 71. Kg3 Rh7 72. Qc8+ Kf7 73. Qd7+ Kg6 74. Qxh7+ Kxh7 75. Kf4 Kg6 76. Ke5 Kf7 77. f3 Kf8 78. Ke6 Ke8 79. f7+ Kf8 80. f4 1-0

[Event "Warsaw YMCA Spring-C 200th"]
[Site "Warsaw"]
[Date "2018.04.11"]
[Round "2"]
[White "Wiktorowski, Janusz"]
[Black "Wyczesany, Dariusz"]
[Result "1-0"]
[WhiteElo "1430"]
[BlackElo "1388"]
[PlyCount "135"]
[EventDate "2018.04.05"]
[EventType "tourn"]
[EventRounds "13"]
[EventCountry "POL"]
[SourceTitle "EXT 2021"]
[Source "ChessBase"]
[SourceDate "2020.10.23"]
[SourceVersion "1"]
[SourceVersionDate "2020.10.23"]
[SourceQuality "1"]

1. e4 e6 2. d4 d5 3. e5 b6 4. Nf3 Ba6 5. Bxa6 Nxa6 6. a3 Ne7 7. Qd3 Nb8 8. Nc3 Qd7 9. 0-0 Ng6 10. Ng5 h6 11. Nh3 Nc6 12. f4 Nge7 13. Ne2 Na5 14. b3 Qc6 15. Ng3 0-0-0 16. f5 Kb8 17. Bd2 Nb7 18. f6 gxf6 19. Rxf6 h5 20. Rxf7 h4 21. Ne2 Nf5 22. Rf6 Qd7 23. Nef4 Re8 24. Nxe6 Be7 25. Rxf5 Qxe6 26. Raf1 Nd8 27. Bg5 Bxa3 28. Nf4 Qd7 29. Bxd8 Rxd8 30. e6 Qh7 31. Nxd5 Bd6 32. Rf7 Qxd3 33. cxd3 Rhe8 34. e7 Rc8 35. R1f6 c6 36. Rxd6 cxd5 37. Rxd5 Rc1+ 38. Kf2 Kc7 39. Rd8 Rc2+ 40. Kf3 Rxe7 41. Rxe7+ Kxd8 42. Rxa7 Rc3 43. g4 Rxd3+ 44. Ke4 Rxb3 45. Kd5 Rb2 46. Kd6 Ke8 47. Ke6 Re2+ 48. Kf6 Rxh2 49. Rh7 h3 50. g5 Rf2+ 51. Ke6 Re2+ 52. Kd6 h2 53. g6 Kf8 54. d5 Rg2 55. Kd7 Rxg6 56. Rxh2 Rg7+ 57. Kc6 Rg6+ 58. d6 Kf7 59. Kc7 Ke6 60. d7 Rg7 61. Re2+ Kd5 62. Kc8 Rxd7 63. Kxd7 Kc4 64. Kc6 b5 65. Re4+ Kd3 66. Rb4 Kc3 67. Rxb5 Kc4 68. Rh5 1-0